| 000 | 00450nam a2200181Ia 4500 | ||
|---|---|---|---|
| 005 | 20250603145144.0 | ||
| 008 | 250603s9999 xx 000 0 und d | ||
| 020 | _a9780357032947 | ||
| 050 | _aBF 637.C45 .W66/ | ||
| 100 | _aWood, Julia T. | ||
| 245 | 0 | _aInterpersonal communication : everyday encounters | |
| 260 | _aUnited State | ||
| 260 | _bCengage Learning | ||
| 260 | _c2020 | ||
| 300 | _a412 p | ||
| 650 | _aUnited State | ||
| 942 | _cBK | ||
| 999 |
_c41040 _d41040 |
||